000 01099cam a2200277 a 4500
001 000006675
005 20200929153955.0
008 860425s1985 uy ab b 001 0 spa d
010 _a85227139
040 _aDO-SdBNP
_cDLC
_dDLC
_dBNPHU
082 _a959
_bM463s
100 1 _aMax, Alphonse.
_918583
245 1 0 _aSudeste asiático :
_brealidad y destino /
_cAlphonse Max ; prólogo por Santiago Rompani ; coordinación editorial y redacción a cargo del Prof. Alvaro Casal, con la colaboración de un equipo del Instituto de Estudios Internacionales.
260 _aMontevideo :
_bArtecolor ;
_bInstituto de Estudios Internacionales,
_c1985.
300 _a400 p. :
_bil., mapa ;
_c21 cm.
504 _aIncluye bibliografía: p. 388-389.
504 _aIncluye índice
504 _aIncluye referencias al pie de páginas.
651 4 _aAsia Sudoriental
_918584
651 4 _aChina
_xHistoria
_92364
651 4 _aTaiwan
_xHistoria
_y1945-
_918585
700 1 _aCasal, Alvaro.
_eed.
_918586
700 1 _aRompani, Santiago,
_epról.
_918587
910 _aCatalogación por copia / LC
049 _aBNGR
999 _c6464
_d6464